000 00546nam a2200181Ia 4500
008 151202s9999||||xx |||||||||||||| ||und||
082 _bPNVM-67663
100 _aनाईक गुरुनाथ.
245 _aनागमणी.
260 _b"सोनाली प्रकाशन, कणकवली."
260 _c67663
300 _a216
600 _aनाईक गुरुनाथ.
630 _aनागमणी.
700 _aनाईक गुरुनाथ.
730 _aनागमणी.
942 _cBOOK
999 _c1334192
_d1334189